Program analysis for state and local governments /

Bibliographic Details
Other Authors: Hatry, Harry P.
Format: Book
Language:English
Published: Washington, D.C. : Urban Institute, [1976]
Subjects:

MARC

Tag First Indicator Second Indicator Subfields
LEADER 00000cam a2200000 a 4500
001 in00000087095
005 20151008064730.0
008 790131s1976 dcua b 00000 engm
010 |a  75043439  
020 |a 087766157X :  |c $3.95 
035 |a (OCoLC)02051547 
035 |9 AAK4701AM 
040 |a DLC  |c DLC  |d OCL  |d m.c.  |d TXA  |d UtOrBLW 
049 |a TXAM  |c [1272312] 
050 0 0 |a JF1411  |b .P76 
082 0 |a 350 
245 0 0 |a Program analysis for state and local governments /  |c by Harry Hatry [and others]. 
264 1 |a Washington, D.C. :  |b Urban Institute,  |c [1976] 
264 4 |c ©1976 
300 |a x, 155 pages :  |b illustrations ;  |c 23 cm. 
336 |a text  |b txt  |2 rdacontent 
337 |a unmediated  |b n  |2 rdamedia 
338 |a volume  |b nc  |2 rdacarrier 
504 |a Bibliography: pages 149-155. 
650 0 |a Public administration. 
650 0 |a Cost effectiveness. 
700 1 |a Hatry, Harry P. 
999 |a MARS 
999 f f |s e1c9a226-fd90-3f53-939a-d3da7bd2ec2c  |i ce615332-4108-3408-a6bc-fde69a30697d  |t 0